| 000 | 00435nab a2200145Ia 4500 | ||
|---|---|---|---|
| 003 | ES-SlBCS | ||
| 005 | 20210601124315.0 | ||
| 008 | 140529s1985 xxu||||| |||| 00| 0 eng d | ||
| 041 | _aeng | ||
| 100 | 1 |
_aGordon, Haim _9131469 |
|
| 245 | 0 | 0 |
_aIn Support of the Crippled I-It: A Response to Grob _c Haim Gordon |
| 650 | 0 | 4 |
_aEducación _986687 |
| 773 | 0 |
_tEducational Theory _gvol. 35, nº. 4, 1985, págs. 433-436 _wRev1399 |
|
| 942 | _cAR | ||
| 999 |
_c512676 _d512676 |
||